000 00777cam a22002537a 4500
003 OSt
005 20140310182431.0
008 120521s2009 xx a 000 0 eng d
010 _a 2012405283
020 _a9780763756604
020 _a0763756601
050 0 0 _aRS 122.95
_b.B214 2010
100 1 _aBansal, Sandeep.
_97685
245 1 0 _aPharmacy technician laboratory manual /
_cSandeep Bansal.
260 _aBoston :
_bJones & Bartlett,
_cc2010.
300 _aix, 339 p. :
_bill. ;
_c28 cm.
504 _aIncludes index.
541 _j1
562 _e1
650 0 _aPharmacy technicians
_vHandbooks, manuals, etc.
_97686
650 0 _aPharmacology
_xStudy and teaching.
_97687
650 0 _aPharmacology
_vProblems, exercises, etc.
_97688
942 _2lcc
_cSSLC
999 _c13365
_d13365